| 000 | 00615nam a2200217Ia 4500 | ||
|---|---|---|---|
| 003 | OSt | ||
| 005 | 20250918101631.0 | ||
| 008 | 210719s1984 xx 000 0 und d | ||
| 040 | _cAL | ||
| 041 | _aTulu | ||
| 082 | _aT894.2 KOKO | ||
| 100 |
_aKOKRADI (K J) _dಕೊಕ್ರಾಡಿ (ಕೆ ಜೆ) _9239283 |
||
| 245 |
_aOnji ponnana kate _bಒಂಜಿ ಪೊಣ್ಣನ ಕತೆ |
||
| 260 |
_aMangaluru _bNityananda Granthalaya _c1984 |
||
| 300 |
_a41 _bPB |
||
| 365 |
_b5 _cRs |
||
| 650 |
_aTulu Drama _9239284 |
||
| 650 |
_aTulu Drama _9239284 |
||
| 906 | _akate ; Onji ; ponnana | ||
| 942 |
_2ddc _cBK |
||
| 999 |
_c214784 _d214784 |
||